000 01283nam a22002417a 4500
003 NALT
005 20260203140644.0
008 s2557 th tha d
040 _aNALT
041 _atha
050 _aJQ 1745.A6
_bช622ป 2557
110 2 _aสถาบันชุมชนท้องถิ่นพัฒนา
_936242
245 1 0 _aปฏิรูปตำรวจและกระบวนการยุติธรรม :
_bข้อเสนอจากเวทีภาคีพัฒนาประเทศไทย (LDI Booklet 4) /
_cสถาบันชุมชนท้องถิ่นพัฒนา.
250 _aพิมพ์ครั้งที่ 2.
260 _aกรุงเทพฯ :
_bโครงการเวทีภาคีพัฒนาประเทศไทย สถาบันชุมชนท้องถิ่นพัฒนา,
_c2557.
300 _a57 หน้า ;
_b
_c21 ซม.
650 4 _aตำรวจ
_936245
_zญี่ปุ่น
650 4 _aตำรวจ
_931133
_zไทย
650 4 _aกระบวนการยุติธรรม
_98990
_zไทย
850 _aNALT
942 _cGB
_2lcc
999 _c74483
_d74483
998 _j111
_k นางสาวพจพิณ พรมเอี่ยม